Intelligent optimization techniques : genetic algorithms, tabu search, simulated annealing and neural networks

Αποθηκεύτηκε σε:
Λεπτομέρειες βιβλιογραφικής εγγραφής
Κύριος συγγραφέας: Pham, D. T.
Άλλοι συγγραφείς: Karaboga, Dervis 1965-
Μορφή: Βιβλίο
Γλώσσα:English
Δημοσίευση: London : Springer, c2000
Θέματα:
Ετικέτες: Προσθήκη ετικέτας
Δεν υπάρχουν, Καταχωρήστε ετικέτα πρώτοι!

MARC

LEADER 00000nam a2200000 i 4500
001 1/103034
008 000329s2000 eng d
020 |c 1852330287 
035 |l 10058315 
040 |a GR-MY-UA  |b gre  |e aacr 
041 0 |a eng 
082 0 |a 620.00285 
100 1 |a Pham, D. T. 
245 1 0 |a Intelligent optimization techniques :  |b genetic algorithms, tabu search, simulated annealing and neural networks /  |c D.T. Pham and D. Karaboga 
260 |a London :   |b Springer,   |c c2000 
300 |a x, 302 p.;  |b ill.;  |c 24 cm. 
504 |a Includes bibliographical references and index 
650 0 0 |a Engineering  |x Data processing. 
650 0 0 |a Computer-aided engineering. 
650 0 0 |a Heuristic programming. 
650 0 0 |a Genetic algorithms. 
650 0 0 |a Simulated annealing (Mathematics) 
650 0 0 |a Neural networks (Computer science) 
700 1 |a Karaboga, Dervis  |d 1965- 
852 |a INST  |b SAMOS  |e 20000329  |h 620.00285 PHA  |p 005300018145  |q 005300018145  |t BK  |y 0 
901 |a BIBL3-2000-1 
909 |a Σ  |b 074036 
922 |a 3ΕΛΗ  |b 200001  |c ΤΠΕΣ  |d ΠΑΠΑΣΩΤΗΡΙΟΥ 
950 |a 133-1999-07-20 
970 |a ΠΟΥΡΝΑΡΑΣ  |b ΔΗΜΗΤΡΗΣ  |z 2000/03/29